Miracles : (Record no. 8236)
[ view plain ]
| 000 -LEADER | |
|---|---|
| fixed length control field | 02471cam a2200349 a 4500 |
| 001 - CONTROL NUMBER | |
| control field | 16786172 |
| 003 - CONTROL NUMBER IDENTIFIER | |
| control field | GBCCL |
| 005 - DATE AND TIME OF LATEST TRANSACTION | |
| control field | 20241126110646.0 |
| 008 - FIXED-LENGTH DATA ELEMENTS--GENERAL INFORMATION | |
| fixed length control field | 110519s2011 miu b 001 0 eng |
| 010 ## - | |
| -- | 2011020926 |
| 020 ## - INTERNATIONAL STANDARD BOOK NUMBER | |
| International Standard Book Number | 9780801039522 (cloth) |
| 020 ## - INTERNATIONAL STANDARD BOOK NUMBER | |
| International Standard Book Number | 0801039525 (cloth) |
| 035 ## - SYSTEM CONTROL NUMBER | |
| System control number | (OCoLC)ocn699760418 |
| 040 ## - CATALOGING SOURCE | |
| Original cataloging agency | DLC |
| Transcribing agency | DLC |
| Modifying agency | YDX |
| -- | BTCTA |
| -- | YDXCP |
| -- | XII |
| -- | DTM |
| -- | SGB |
| -- | BWX |
| -- | CDX |
| -- | BDX |
| -- | DLC |
| 042 ## - | |
| -- | pcc |
| 050 00 - | |
| -- | BS2548 |
| -- | .K44 2011 |
| 082 00 - DEWEY DECIMAL CLASSIFICATION NUMBER | |
| Classification number | 226.706 |
| Edition information | 23 |
| Item number | KEE |
| 100 1# - MAIN ENTRY--PERSONAL NAME | |
| Personal name | Keener, Craig S., |
| Dates associated with a name | 1960- |
| 9 (RLIN) | 4494 |
| 245 10 - TITLE STATEMENT | |
| Title | Miracles : |
| Remainder of title | the credibility of the New Testament accounts / |
| Statement of responsibility, etc. | Craig S. Keener. |
| 260 ## - PUBLICATION, DISTRIBUTION, ETC. | |
| Place of publication, distribution, etc. | Grand Rapids, Mich. : |
| Name of publisher, distributor, etc. | Baker Academic, |
| Date of publication, distribution, etc. | c2011. |
| 300 ## - PHYSICAL DESCRIPTION | |
| Extent | 2 v. (xxxviii, xxx, 1172 p.) ; |
| Dimensions | 24 cm. |
| 504 ## - BIBLIOGRAPHY, ETC. NOTE | |
| Bibliography, etc. note | Includes bibliographical references (p. 885-1056) and indexes. |
| 505 0# - FORMATTED CONTENTS NOTE | |
| Formatted contents note | v. 1. pt. 1. The ancient evidence. Opening questions about early Christian miracle claims ; Ancient miracle claims outside Christianity ; Comparison of Early Christian and other ancient miracle accounts -- pt. 2. Are miracles possible?. Antisupernaturalism as an authenticity criterion? ; Hume and the philosophic questions ; Developing Hume's skepticism toward miracles -- pt. 3. Miracle accounts beyond antiquity. Majority world perspectives ; Examples from Asia ; Examples from Africa, Latin America, and the Caribbean ; Supernaturalism in earlier Christian history ; Supernatural claims in the recent west ; Blindness, inability to walk, death, and nature: some dramatic reports -- v. 2. pt. 4. Proposed explanations. Nonsupernatural causes ; Biased standards? ; More extranormal cases. |
| 520 ## - SUMMARY, ETC. | |
| Summary, etc. | This study presents the most thorough current defense of the credibility of the miracle reports in the Gospels and Acts. Drawing on claims from a range of global cultures and taking a multidisciplinary approach to the topic, Keener suggests that many miracle accounts throughout history and from contemporary times are best explained as genuine divine acts, lending credence to the biblical miracle reports. --from publisher description |
| 630 00 - SUBJECT ADDED ENTRY--UNIFORM TITLE | |
| Uniform title | Bible. |
| Name of part/section of a work | Gospels |
| General subdivision | Evidences, authority, etc. |
| 9 (RLIN) | 8618 |
| 630 00 - SUBJECT ADDED ENTRY--UNIFORM TITLE | |
| Uniform title | Bible. |
| Name of part/section of a work | Acts |
| General subdivision | Evidences, authority, etc. |
| 9 (RLIN) | 14339 |
| 650 #0 - SUBJECT ADDED ENTRY--TOPICAL TERM | |
| Topical term or geographic name entry element | Miracles. |
| 9 (RLIN) | 3104 |
| 650 #0 - SUBJECT ADDED ENTRY--TOPICAL TERM | |
| Topical term or geographic name entry element | Spiritual healing |
| General subdivision | Christianity. |
| 9 (RLIN) | 14340 |
| 906 ## - LOCAL DATA ELEMENT F, LDF (RLIN) | |
| a | 7 |
| b | cbc |
| c | orignew |
| d | 1 |
| e | ecip |
| f | 20 |
| g | y-gencatlg |
| 942 ## - ADDED ENTRY ELEMENTS (KOHA) | |
| Source of classification or shelving scheme | Dewey Decimal Classification |
| Koha item type | Books |
| Koha issues (borrowed), all copies | 6 |
| Withdrawn status | Lost status | Source of classification or shelving scheme | Damaged status | Not for loan | Home library | Current Library | Shelving location | Date acquired | Total checkouts | Full call number | Barcode | Date last seen | Date last checked out | Copy number | Price effective from | Koha item type |
|---|---|---|---|---|---|---|---|---|---|---|---|---|---|---|---|---|
| Dewey Decimal Classification | GRACE BIBLE COLLEGE | GRACE BIBLE COLLEGE | Biblical Studies | 2019-07-30 | 5 | 226.706 KEE | 020066 | 2025-05-01 | 2025-02-05 | v.1 | 2019-07-30 | Books | ||||
| Dewey Decimal Classification | GRACE BIBLE COLLEGE | GRACE BIBLE COLLEGE | Biblical Studies | 2019-07-30 | 2 | 226.706 KEE | 020067 | 2025-05-01 | 2024-10-15 | v.2 | 2019-07-30 | Books |